Катализ и катализаторы: Фундаментальные исследования Института катализа им. Г. К. Борескова

Bibliographic Details
Other Authors: Буянов Р. А. (редактор)
Language:Russian
Published: Новосибирск, 1998
Subjects:
Format: Book
KOHA link:https://koha.lib.tpu.ru/cgi-bin/koha/opac-detail.pl?biblionumber=8605

MARC

LEADER 00000nam0a2200000 4500
001 8605
005 20231030181934.0
010 |a 5769201320 
035 |a (RuTPU)RU\TPU\book\8654 
035 |a BOOK00008713 
090 |a 8605 
100 |a 20011209d1998 k y0rusy50 ca 
101 0 |a rus 
102 |a RU 
105 |a y z 000zy 
200 1 |a Катализ и катализаторы  |e Фундаментальные исследования Института катализа им. Г. К. Борескова  |f Под ред. Р. А. Буянова 
210 |a Новосибирск  |d 1998 
215 |a 304 с. 
610 1 |a химия 
610 1 |a катализ 
610 1 |a катализаторы 
610 1 |a исследования 
610 1 |a история 
675 |a 544.47(09)  |v 3 
702 1 |a Буянов  |b Р. А.  |4 340 
801 0 |a RU  |b 63413507  |c 20011209  |g PSBO 
801 2 |a RU  |b 63413507  |c 20130806  |g PSBO 
942 |c BK